Regions of France with an empty map quiz - Statistics

General Stats
  • This quiz has been taken 460 times
    224 since last reset
  • The average score is 10 of 13
Answers on the Map
Answers color-coded by a green-red scale on the quiz's map according to % correct below.
 
Answer Stats
Region % Correct
Brittany
97%
Île-de-France
94%
Normandy
92%
Provence-Alpes-Côte d'Azur
83%
Occitanie
82%
Grand Est
80%
Nouvelle Aquitaine
78%
Pays de la Loire
78%
Auvergne-Rhône-Alpes
74%
Corsica
74%
Bourgogne-Franche-Comté
72%
Centre-Val de Loire
69%
Hauts-de-France
66%
No matching quizzes found
Score Distribution
Percent of People with Each Score
Percentile by Number Answered
Your Score History
You have not taken this quiz since the last reset